Účtovanie štátnych dotácií na nájomné počas pandémie bakalárska práca

Na minha lista:
Detalhes bibliográficos
Autor principal: Banárová, Lenka
Autor Corporativo: Fakulta hospodárskej informatiky EU. Katedra účtovníctva a audítorstva
Outros Autores: Hornická, Renáta, 1977-
Formato: Livro
Idioma:eslovaco
Publicado em: Bratislava 2022
Tags: Adicionar Tag
Sem tags, seja o primeiro a adicionar uma tag!

MARC

LEADER 00000nbm a2200000 4500
001 0286139
005 20230123144738.9
041 0 |a slo 
044 |a SK 
245 1 0 |a Účtovanie štátnych dotácií na nájomné počas pandémie  |b bakalárska práca  |c Lenka Banárová ; školiteľ: Renáta Hornická 
264 1 |a Bratislava  |c 2022 
300 |a 46 s. 
100 1 |a Banárová, Lenka 
700 1 |a Hornická, Renáta, 1977- 
710 2 |a Fakulta hospodárskej informatiky EU. Katedra účtovníctva a audítorstva